Vista normal
Vista MARC
Entrada Materia (personas)
Número de registros utilizados en: 2
001 - CONTROL NUMBER
- control field: 98001
003 - CONTROL NUMBER IDENTIFIER
- control field: Co-BoUCM
005 - DATE AND TIME OF LATEST TRANSACTION
- control field: 20190809111145.0
008 - FIXED-LENGTH DATA ELEMENTS
- fixed length control field: 190809|| aca||aabn | a|a d
040 ## - CATALOGING SOURCE
- Original cataloging agency: Co-BoUCM
- Transcribing agency: Co-BoUCM
100 ## - HEADING--PERSONAL NAME
- Personal name: Ferrer, Vicente
- Dates associated with a name: 1605-1683
670 ## - SOURCE DATA FOUND
- Source citation: Work cat.: (Co-BoUCM)67633: Ferrer, Vicente 1605-1683, Tractatus theologici in primam partem D. Thomae a quaestione vigesima septima usque ad centesimam quintam Tomus tertius, 1678